Idioms. (Record no. 63324)

000 -LEADER
fixed length control field 00506nam a22001937a 4500
003 - CONTROL NUMBER IDENTIFIER
control field NUST - PNEC
005 - DATE AND TIME OF LATEST TRANSACTION
control field 20170116180810.0
008 - FIXED-LENGTH DATA ELEMENTS--GENERAL INFORMATION
fixed length control field 150427b xxu||||| |||| 00| 0 eng d
020 ## - INTERNATIONAL STANDARD BOOK NUMBER
International Standard Book Number 9810137001
040 ## - CATALOGING SOURCE
Transcribing agency LIBRARY
082 ## - DEWEY DECIMAL CLASSIFICATION NUMBER
Classification number 423.1 PEA
100 ## - MAIN ENTRY--PERSONAL NAME
9 (RLIN) 3250
Personal name Pearson, Rosemary
245 ## - TITLE STATEMENT
Title Idioms.
Statement of responsibility, etc. Rosemary, Pearson,
250 ## - EDITION STATEMENT
Edition statement -
260 ## - PUBLICATION, DISTRIBUTION, ETC.
Place of publication, distribution, etc. Singapore.
Name of publisher, distributor, etc. Federal Publications,
Date of publication, distribution, etc. c 1989.
300 ## - PHYSICAL DESCRIPTION
Extent 204 p . :
650 ## - SUBJECT ADDED ENTRY--TOPICAL TERM
9 (RLIN) 3251
Topical term or geographic name entry element Idioms
General subdivision English language--Idioms
942 ## - ADDED ENTRY ELEMENTS (KOHA)
Source of classification or shelving scheme
Koha item type Book
Holdings
Withdrawn status Lost status Source of classification or shelving scheme Damaged status Not for loan Permanent Location Current Location Shelving location Date acquired Source of acquisition Cost, normal purchase price Total Checkouts Full call number Barcode Date last seen Cost, replacement price Price effective from Koha item type
          Pakistan Navy Engineering College (PNEC) Pakistan Navy Engineering College (PNEC)   11/24/1991 Paramount Publishing Enterprise 90.00   423.1 PEA PNECLIB-015906 04/27/2015 90.00 11/24/1991 Book
© 2023 Central Library, National University of Sciences and Technology. All Rights Reserved.